000 00615nam a2200193 i 4500
001 40526
003 ES-MaACL
005 20230915201127.0
007 t|
008 030306q1969 sp ||||1| spa d
100 1 _aCarrión, Pascual,
_d1891-1976
_935807
245 1 0 _aConsideraciones sobre la reforma Agraria
_b: conferencia... 10 de junio de 1969 /
_cPascual Carrión.
260 _aMadrid :
_bCasa de Velázquez,
_c[1969?]
300 _a15 p. ;
_c24 cm.
710 2 _aCasa de Velázquez.
_92477
852 _aES-MaACL
_j2075-F-7
_bR.75039
852 _aES-MaACL
_j2075-F-6
_bR.75040
999 _c40526
_d40526